NATO Länder - Sudden Death - Statistiken

Allgemein
  • Dieses Quiz wurde 371 mal gespielt
  • Das Durchschnittsergebnis liegt bei 11 aus 32
Answers on the Grid
Answers color-coded by a green-red scale on the quiz's grid according to % correct below.
Ägypten
Albanien
Algerien
Australien
Belgien
Bosnien und Herzegowina
Bulgarien
China
Dänemark
Deutschland
Estland
Finnland
Frankreich
Georgien
Griechenland
Honduras
Irland
Island
Israel
Italien
Japan
Kanada
Kosovo
Kroatien
Lettland
Litauen
Luxemburg
Marokko
Mexiko
Montenegro
Neuseeland
Niederlande
Nordkorea
Nordmazedonien
Norwegen
Österreich
Polen
Portugal
Rumänien
Russland
Saudi-Arabien
Schweden
Schweiz
Serbien
Slowakei
Slowenien
Spanien
Südkorea
Tschechien
Türkei
Ungarn
USA
Vereinigtes Königreich
Zypern
 
Antwortstatistiken
Antwort % Korrekt
Deutschland
74%
Frankreich
74%
Belgien
72%
Dänemark
60%
Estland
51%
Griechenland
50%
Finnland
49%
Italien
43%
Polen
38%
USA
38%
Spanien
37%
Vereinigtes Königreich
36%
Kanada
33%
Niederlande
33%
Lettland
32%
Bulgarien
30%
Albanien
27%
Türkei
27%
Litauen
26%
Luxemburg
26%
Portugal
26%
Schweden
26%
Tschechien
26%
Island
25%
Kroatien
24%
Norwegen
24%
Slowakei
22%
Ungarn
22%
Rumänien
21%
Slowenien
21%
Montenegro
11%
Nordmazedonien
10%
Keine übereinstimmenden Quizze gefunden
Verteilung der Resultate
Anzahl Personen mit jedem Resultat
Perzentil nach korrekt beantworteten Fragen
Ihre Resultats-Entwicklung
Sie haben dieses Quiz noch nicht gespielt